Biblioteca

El mundo de sofía : Novela sobre la historia de la filosofía / (Registro nro. 32104)

Detalles MARC
000 -LÍDER
Campo fijo de descripción fija 02144aam a2200421 i 4500
001 - NÚMERO DE CONTROL
Campo de control 768714001
003 - IDENTIFICADOR DEL NÚMERO DE CONTROL
Campo de control CO-MdFUSB
005 - FECHA Y HORA DE LA ULTIMA TRANSACCIÓN
control field 20200420114515.0
007 - CAMPO FIJO DE DESCRIPCIÓN FIJA--INFORMACIÓN GENERAL
Campo fijo de descripción fija ta
007 - CAMPO FIJO DE DESCRIPCIÓN FIJA--INFORMACIÓN GENERAL
Campo fijo de descripción fija cr aa aaaaa
008 - ELEMENTOS DE LONGITUD FIJA -- INFORMACIÓN GENERAL
Campo fijo de descripción fija -- Información general 200420b ||||| |||| 00| 0 eng d
020 ## - NÚMERO INTERNACIONAL NORMALIZADO PARA LIBROS
Número Internacional Normalizado del libro 9580429766
Información adicional impreso
020 ## - NÚMERO INTERNACIONAL NORMALIZADO PARA LIBROS
Número Internacional Normalizado del libro 9788498415384
Información adicional electrónico
040 ## - FUENTE DE CATALOGACIÓN
Idioma de catalogación spa.
Agencia de catalogación original CO-MdFUSB
Agencia que realiza la transcripción CO-MdFUSB
Agencia que realiza la modificación CO-MdFUSBC
Convenciones de la descripción rda
041 ## - CÓDIGO DE IDIOMA
Código de idioma para texto/pista de sonido o título separado spa
082 04 - NÚMERO DE CLASIFICACIÓN DECIMAL DEWEY
Número de la edición del Dewey 23
Número de clasificación 108
Clave de autor-Numero de item G111m
100 1# - ASIENTO PRINCIPAL--NOMBRE PERSONAL
Nombre personal Gaarder, Jostein (1952-)
Término relacionador autor
245 10 - TÍTULO
Título del Material El mundo de sofía : Novela sobre la historia de la filosofía /
Mención de responsabilidad, etc. / Jostein Gaarder ; traducido por Kirsti Baggethun, Asunción Lorenzo,
Medio físico [físico y electrónico]
250 ## - MENCIÓN DE EDICIÓN
Mención de edición 29 revisada
264 #1 - PRODUCCIÓN, PUBLICACIÓN, DISTRIBUCIÓN, MANUFACTURA, Y COPYRIGHT
Lugar de producción, publicación, distribución, manufactura Bogotá, Colombia : Norma
Nombre del productor, publicador, distribuidor Norma,
Fecha de producción, publicación, distribución, manufactura, o copyright [2010]
264 #4 - PRODUCCIÓN, PUBLICACIÓN, DISTRIBUCIÓN, MANUFACTURA, Y COPYRIGHT
Fecha de producción, publicación, distribución, manufactura, o copyright © 2010
300 ## - DESCRIPCIÓN FÍSICA
Extensión 638 Paginas
Dimensiones ; 23 cm
336 ## - TIPO DE CONTENIDO
Término de tipo de contenido texto
Código de tipo de contenido txt
Fuente rdacontent
337 ## - TIPO DE MEDIO
Fuente rdamedia
Nombre del tipo de medio sin mediación
Código del tipo de medio n
337 ## - TIPO DE MEDIO
Fuente rdamedia
Nombre del tipo de medio informático
Código del tipo de medio c
338 ## - TIPO DE SOPORTE
Fuente rdacarrier
Nombre del tipo de soporte volumen
Código Tipo de soporte nc
338 ## - TIPO DE SOPORTE
Fuente rdacarrier
Nombre del tipo de soporte remoto
Código Tipo de soporte cr
347 ## - CARACTERÍSTICAS DEL ARCHIVO DIGITAL
Fuente rda
Tipo de archivo fichero de texto
Formato de codificación html
500 ## - NOTA GENERAL
Nota General Título original : Sofies verden
505 00 - NOTA DE CONTENIDO
Nota de contenido con formato preestablecido El jardín del edén -- el sombrero de copa -- los mitos -- los filósofos de la naturaleza -- Demócrito -- el destino -- Sócrates -- Atenas -- Platón -- la cabaña del mayor -- Aristóteles -- el helenismo -- las postales -- dos civilizaciones -- le edad media -- el renacimiento -- la época barroca -- descartes -- Spinoza -- Locke -- Hume -- Berkeley -- Bjerkely -- la ilustración -- Kant -- el romanticismo -- Hegel -- Kierkegaard -- Marx -- Darwin -- Freud -- nuestra época -- la fiesta en el jardín -- contrapunto -- la gran explosión
516 ## - NOTA DE TIPO DE ARCHIVO O DATOS DE COMPUTADOR
Nota de tipo de archivo o datos de computador Texto electrónico<br/>
538 ## - NOTA DE DETALLES DEL SISTEMA
Nota de detalles del sistema Acceso a Internet; requiere usuario y clave asignada por la biblioteca<br/>
650 14 - ASIENTO SECUNDARIO DE MATERIA - TERMINO TEMÁTICO
Término temático o nombre geográfico como elemento de entrada FILOSOFIA - HISTORIA \ NOVELA
856 ## - LOCALIZACIÓN Y ACCESO ELECTRÓNICOS
Numero de Acceso 2222650
Identificador Uniforme del Recurso <a href="http://search.ebscohost.com/login.aspx?direct=true&scope=site&db=nlebk&db=nlabk&AN=2222650">http://search.ebscohost.com/login.aspx?direct=true&scope=site&db=nlebk&db=nlabk&AN=2222650</a>
Nota dirigida al público <a href="Abrir Versión electrónica del libro El mundo de Sofía : Novela sobre la historia de la filosofía">Abrir Versión electrónica del libro El mundo de Sofía : Novela sobre la historia de la filosofía</a>
942 ## - TIPO DE MATERIAL (KOHA)
Tipo de Item KOHA Libros General
945 ## - INFORMACIÓN LOCAL DEL REGISTRO
Catalogador JTF-925
Existencias
Estado de Material Estado de Perdido Estado de Dañado No para Préstamo Colección Tomo Biblioteca de Origen Biblioteca Permanente Fecha de Adquisición Total de Préstamos Signatura Topográfica Código de Barras Última vez visto Última vez Préstado Ejemplar/Existencia Fecha de Remplazo Tipo de Material Forma de Clasificación Total de Renovaciones Ubicación en Estantería Área Url Nota Pública
        Colección General   Biblioteca FUSBC Biblioteca FUSBC 31/05/2007 3 G 108 G111m 15879 09/03/2026 21/02/2026 3 26/01/2016 Libros General            
        Colección General   Biblioteca FUSBC Biblioteca FUSBC 17/09/2004 4 G 108 G111m 55 08/03/2025 15/02/2025 2 26/01/2016 Libros General Dewey Decimal Classification 9        
        Colección General   Biblioteca FUSBC Biblioteca FUSBC 17/09/2004 8 G 108 G111m 54 08/03/2025 21/02/2025 1 26/01/2016 Libros General Dewey Decimal Classification 16        
        Colección Libros Electrónicos   Biblioteca FUSBC Biblioteca FUSBC 20/04/2020     ID2222650 20/04/2020   Ej.1 20/04/2020 Libro electrónico Dewey Decimal Classification   Libro electrónico CIENCIA Y HUMANIDADES https://bit.ly/2RV9lLr Seguir link de acceso.

Biblioteca FUSBC | Teléfono: (57+4) 349 88 10 Ext. 141| WhatsApp (+57) 3005338115 
E-mail: biblioteca@unisbc.edu.co | Calle 76 87-14 Robledo Palenque, Medellín, Colombia

Con tecnología Koha